Statistiques concernant Les poissons pêchés en France

Cliquez ici pour prendre le quiz!

Statistiques générales

  • Ce quiz a été pris 201 fois
    (193 depuis la dernière actualisation)
  • Le résultat moyen est 7 sur 38

Statistiques - réponses

Réponse% Correct
Maquereau
76%
Raie
59%
Sole
54%
Roussette
43%
Thon rouge
41%
Congre
40%
Sardine
34%
Mulet
32%
Limande
24%
Turbot
22%
Bar
21%
Vive
21%
Cabillaud
20%
Daurade
20%
Hareng
18%
Vieille
17%
Saint-Pierre
14%
Anchois
13%
Dorade grise
13%
Lotte
11%
Lieu noir
10%
Chinchard
9%
Rouget Barbet
9%
Carrelet
8%
Barbue
7%
Julienne
7%
Lieu jaune
7%
Merlu
7%
Thon albacore
6%
Eglefin
5%
Sabre
5%
Tacaud
4%
Grondin rouge
3%
Merlan
3%
Thon germon
3%
Maigre
2%
Cardine
1%
Sébaste
1%

Distribution des résultats

Percentile par nombre de réponses

% des personnes avec chaque résultat

Votre développement - résultats

Vous n’avez pas pris ce quiz depuis la dernière actualisation